[Event "Vers la Matrise"]
[Site "Montreal CAN"]
[Date "1996.??.??"]
[Round "2"]
[White "Leger, Manon"]
[Black "Bergeron, Marc"]
[Result "0-1"]
[WhiteElo "1890"]
[BlackElo "2030"]
[PlyCount "110"]
[EventDate "1996.??.??"]
[EventType "swiss"]
[EventRounds "6"]
[EventCountry "CAN"]

1. e4 e6 2. d4 d5 3. Nc3 Nf6 4. e5 Nfd7 5. Nce2 c5 6. c3 Nc6 7. Nf3 b5 8. Nf4
Qb6 9. Be2 b4 10. O-O Ba6 11. Be3 Bxe2 12. Qxe2 c4 13. Ng5 Nd8 14. Nh5 h6 15.
Nh3 g6 16. Nf6+ Nxf6 17. exf6 Bd6 18. Rfe1 Qc7 19. g3 Nc6 20. Rac1 a5 21. Bd2
g5 22. f4 O-O-O 23. b3 gxf4 24. Bxf4 Rdg8 25. Be5 Nxe5 26. dxe5 Bc5+ 27. Kg2
bxc3 28. bxc4 d4 29. Nf4 Qc6+ 30. Qf3 Kc7 31. Qxc6+ Kxc6 32. Kf3 Rb8 33. Rc2 a4
34. Ke4 a3 35. Nd3 Rb2 36. Ree2 Rxc2 37. Rxc2 Rb8 38. g4 Rb1 39. Nc1 Bb6 40. h4
Kc5 41. Kd3 Bc7 42. Nb3+ Rxb3 43. axb3 Bxe5 44. Rf2 Bg3 45. Ra2 Kb4 46. g5 hxg5
47. hxg5 Be5 48. Re2 Bd6 49. g6 fxg6 50. Rxe6 a2 51. Rxd6 a1=Q 52. Rb6+ Kc5 53.
Rb5+ Kc6 54. f7 Qf1+ 55. Kxd4 c2 0-1

[Event "Vers la Matrise"]
[Site "Montreal CAN"]
[Date "1996.??.??"]
[Round "2"]
[White "Mahabir, Hugh"]
[Black "Balogh, Alex"]
[Result "1-0"]
[WhiteElo "1835"]
[BlackElo "1890"]
[PlyCount "52"]
[EventDate "1996.??.??"]
[EventType "swiss"]
[EventRounds "6"]
[EventCountry "CAN"]

1. d4 Nf6 2. e3 g6 3. c4 Bg7 4. Nc3 d6 5. Bd3 e5 6. Nf3 Nc6 7. d5 Ne7 8. e4 O-O
9. Be3 Ng4 10. Bd2 f5 11. h3 Nf6 12. Qe2 h6 13. O-O-O c6 14. Bc2 fxe4 15. Nxe4
cxd5 16. Nxf6+ Rxf6 17. cxd5 Qb6 18. Bc3 Bd7 19. Kb1 a5 20. Rhf1 Rc8 21. Ka1
Rf4 22. Qd2 a4 23. Rfe1 Rfc4 24. Bd3 Rxc3 25. bxc3 e4 26. Rc1 Qa5 1-0

[Event "Vers la Matrise"]
[Site "Montreal CAN"]
[Date "1996.??.??"]
[Round "2"]
[White "Saint-Pierre, Benoit"]
[Black "Moisan-Plante, Marc-Olivier"]
[Result "1-0"]
[WhiteElo "2275"]
[BlackElo "2160"]
[PlyCount "83"]
[EventDate "1996.??.??"]
[EventType "swiss"]
[EventRounds "6"]
[EventCountry "CAN"]

1. e4 e5 2. Nf3 d6 3. Bc4 Be7 4. O-O Nf6 5. d3 O-O 6. Re1 Nbd7 7. c3 c6 8. Bb3
Nc5 9. Bc2 Bg4 10. h3 Bh5 11. d4 exd4 12. cxd4 Ne6 13. Be3 d5 14. e5 Ne4 15.
Nc3 f5 16. exf6 Nxf6 17. Bf5 Qd6 18. g4 Bf7 19. Ne5 Rae8 20. Qd2 Bd8 21. Re2
Ba5 22. f3 c5 23. Bxe6 Bxe6 24. dxc5 Qxe5 25. Bf4 Ne4 26. Rxe4 Qf6 27. Rd4 b6
28. Bd6 bxc5 29. Rf4 Qh4 30. Rxf8+ Rxf8 31. Bxf8 Bb6 32. Na4 Qxh3 33. Qf4 Bd8
34. Bxc5 Bf6 35. Qb8+ Kf7 36. Qf4 Kg6 37. Re1 Bg5 38. Rxe6+ Bf6 39. Rxf6+ gxf6
40. Qf5+ Kf7 41. Qxd5+ Kg6 42. Bd6 1-0

[Event "Vers la Matrise"]
[Site "Montreal CAN"]
[Date "1996.??.??"]
[Round "2"]
[White "Tremblay, Alain"]
[Black "Berson, Jordan"]
[Result "1-0"]
[WhiteElo "1940"]
[BlackElo "1930"]
[PlyCount "101"]
[EventDate "1996.??.??"]
[EventType "swiss"]
[EventRounds "6"]
[EventCountry "CAN"]

1. e4 c6 2. d4 d5 3. Nd2 dxe4 4. Nxe4 Nd7 5. Bc4 Ngf6 6. Ng5 e6 7. Qe2 Nb6 8.
Bb3 a5 9. c3 h6 10. Ne4 Nxe4 11. Qxe4 Nd5 12. Nf3 a4 13. Bc2 a3 14. O-O Bd6 15.
Ne5 Nf6 16. Qh4 Ke7 17. f4 axb2 18. Bxb2 Qb6 19. Bc1 Bd7 20. Rb1 Qc7 21. Bb3
Rag8 22. Bd2 g5 23. fxg5 hxg5 24. Qg3 Bxe5 25. dxe5 Ne4 26. Qf3 Nxd2 27. Qf6+
Ke8 28. Qxf7+ Kd8 29. Rbd1 Nxf1 30. Bxe6 Kc8 31. Rxd7 Qb6+ 32. Rd4+ Kb8 33.
Qxf1 Rf8 34. Bf7 Qc7 35. e6 Qxh2+ 36. Kf2 Qe5 37. Qe2 Qf5+ 38. Qf3 Qc2+ 39. Qe2
Qf5+ 40. Qf3 Qc5 41. Qf6 Rh4 42. g3 Rh2+ 43. Kf3 Rxf7 44. exf7 g4+ 45. Ke4 Re2+
46. Kd3 Qb5+ 47. c4 Qb1+ 48. Kxe2 Qb2+ 49. Ke3 Qc3+ 50. Kf4 Qf3+ 51. Kg5 1-0

[Event "Vers la Matrise"]
[Site "Montreal CAN"]
[Date "1996.??.??"]
[Round "3"]
[White "Balogh, Alex"]
[Black "Rouleau, Paul"]
[Result "1-0"]
[WhiteElo "1890"]
[BlackElo "1860"]
[PlyCount "79"]
[EventDate "1996.??.??"]
[EventType "swiss"]
[EventRounds "6"]
[EventCountry "CAN"]

1. d4 Nf6 2. c4 e6 3. Nc3 Bb4 4. Qc2 O-O 5. a3 Bxc3+ 6. Qxc3 b6 7. Bg5 h6 8.
Bh4 Bb7 9. f3 c5 10. e3 d5 11. cxd5 cxd4 12. Qxd4 g5 13. Bg3 exd5 14. Bxb8 Rxb8
15. h4 g4 16. Qf4 Kg7 17. Ne2 Qd7 18. Nd4 Rbe8 19. Nf5+ Kg8 20. Nxh6+ Kh7 21.
Bd3+ Ne4 22. Nf5 Re6 23. fxe4 dxe4 24. Be2 Rf6 25. O-O Rg8 26. Rad1 Bd5 27. Qe5
Qc6 28. Qxd5 Qc2 29. Rd2 Qc7 30. Qd4 Qc6 31. Bb5 Qe6 32. Bc4 Qc6 33. Ne7 Rxf1+
34. Bxf1 Qh6 35. Qxe4+ Kh8 36. Nxg8 Qxh4 37. Nf6 Qxf6 38. Qd4 Kg7 39. Qxf6+
Kxf6 40. Kf2 1-0

[Event "Vers la Matrise"]
[Site "Montreal CAN"]
[Date "1996.??.??"]
[Round "3"]
[White "Fillion, Robert"]
[Black "Grondin, Jean-Philippe"]
[Result "0-1"]
[WhiteElo "1665"]
[BlackElo "2050"]
[PlyCount "79"]
[EventDate "1996.??.??"]
[EventType "swiss"]
[EventRounds "6"]
[EventCountry "CAN"]

1. c4 Nf6 2. Nc3 e6 3. e4 Nc6 4. Nf3 Bb4 5. Qc2 Qe7 6. Be2 a6 7. O-O Qd6 8. a3
Ng4 9. g3 Bxc3 10. dxc3 O-O 11. h3 Nf6 12. Rd1 Qe7 13. Be3 d6 14. b4 b6 15. Nd4
Bb7 16. Bf3 Ne5 17. Bg2 Nxc4 18. Bg5 Rab8 19. Qe2 b5 20. a4 c6 21. axb5 cxb5
22. f4 Qc7 23. Bxf6 gxf6 24. Qg4+ Kh8 25. Qh4 Qe7 26. Rxa6 Ne3 27. Re1 Nxg2 28.
Kxg2 Rfc8 29. Ra3 Qd8 30. Kh2 Ra8 31. Nxb5 Rxa3 32. Nxa3 Rxc3 33. Ra1 Bxe4 34.
Ra2 Rc1 35. g4 Kg7 36. Qf2 Qc7 37. Qb2 d5 38. Kg3 Rc3+ 39. Kh4 Rf3 40. Nb5 0-1

[Event "Vers la Matrise"]
[Site "Montreal CAN"]
[Date "1996.??.??"]
[Round "3"]
[White "Mahabir, Hugh"]
[Black "Leger, Manon"]
[Result "1/2-1/2"]
[WhiteElo "1835"]
[BlackElo "1890"]
[PlyCount "117"]
[EventDate "1996.??.??"]
[EventType "swiss"]
[EventRounds "6"]
[EventCountry "CAN"]

1. d4 d5 2. e3 Nf6 3. Bd3 c5 4. c3 e6 5. Nd2 Nc6 6. f4 Bd6 7. Qf3 Qc7 8. Nh3 b6
9. O-O Bb7 10. dxc5 bxc5 11. e4 d4 12. Nc4 Be7 13. Bd2 O-O 14. Qe2 e5 15. fxe5
Nxe5 16. Nxe5 Qxe5 17. Rf5 Qe6 18. Ng5 Qd7 19. e5 c4 20. Rxf6 cxd3 21. Qxd3 g6
22. cxd4 Bxf6 23. exf6 Qg4 24. Nf3 Bxf3 25. Qxf3 Qxf3 26. gxf3 Rad8 27. Bb4
Rfe8 28. Bc5 a6 29. Kf2 h5 30. Rd1 Rd5 31. b4 Re6 32. Be7 g5 33. Rd2 Kh7 34. a4
Kg6 35. Rd1 Rc6 36. Ke3 Kf5 37. Rd3 Re6+ 38. Kd2 Kf4 39. Kc3 Rc6+ 40. Bc5 Rxf6
41. Kc4 Rd7 42. b5 axb5+ 43. axb5 Re6 44. d5 Re2 45. b6 Rxh2 46. Kb5 Rb2+ 47.
Kc6 Rd8 48. b7 h4 49. d6 Rb8 50. d7 R2xb7 51. Bd6+ Kf5 52. Bxb8 Rxb8 53. d8=Q
Rxd8 54. Rxd8 Kf4 55. Rg8 f5 56. Kd5 h3 57. Rh8 g4 58. fxg4 fxg4 59. Ke6
1/2-1/2

[Event "Vers la Matrise"]
[Site "Montreal CAN"]
[Date "1996.??.??"]
[Round "3"]
[White "Moisan-Plante, Marc-Olivier"]
[Black "Tremblay, Alain"]
[Result "0-1"]
[WhiteElo "2160"]
[BlackElo "1940"]
[PlyCount "130"]
[EventDate "1996.??.??"]
[EventType "swiss"]
[EventRounds "6"]
[EventCountry "CAN"]

1. e4 e6 2. d4 d5 3. e5 c5 4. c3 Qb6 5. Nf3 Bd7 6. Be2 Bb5 7. c4 Bxc4 8. Bxc4
dxc4 9. d5 exd5 10. Qxd5 Ne7 11. Qe4 Nbc6 12. O-O O-O-O 13. Na3 Kb8 14. Nxc4
Qc7 15. Bf4 Ng6 16. Bg3 Ka8 17. a3 Nd4 18. Rad1 Qc6 19. Qxc6 Nxc6 20. Ng5 f6
21. Nf7 Rxd1 22. Rxd1 Rg8 23. Rd7 Be7 24. Nfd6 Rd8 25. Rxd8+ Nxd8 26. Nf5 Bf8
27. Kf1 Ne6 28. Ke2 b5 29. Ncd6 fxe5 30. Nxb5 Kb7 31. Nbd6+ Bxd6 32. Nxd6+ Kc6
33. Nf5 Kd5 34. Ne3+ Kd4 35. f3 Ngf4+ 36. Kd2 g6 37. Bf2 e4 38. Nc2+ Ke5 39. g3
Nd3 40. f4+ Kd6 41. Ke3 Nd4 42. Ne1 Nf5+ 43. Ke2 Nxb2 44. Nc2 Kd5 45. Kd2 Nd4
46. Ne3+ Ke6 47. g4 Nf3+ 48. Kc3 Na4+ 49. Kb3 Nb6 50. Bg3 Nd5 51. Nc4 e3 52.
Kc2 e2 53. Ne5 Nxe5 54. fxe5 Ne3+ 55. Kd3 Nxg4 56. Kxe2 Kd5 57. Kd3 Nxe5+ 58.
Kc3 Nd7 59. a4 a6 60. Bc7 Ne5 61. Bb6 Nf3 62. Bc7 h5 63. Bb8 g5 64. Bc7 h4 65.
Bd8 g4 0-1

[Event "Vers la Matrise"]
[Site "Montreal CAN"]
[Date "1996.??.??"]
[Round "3"]
[White "Prahov, Valentin"]
[Black "Bergeron, Marc"]
[Result "1-0"]
[WhiteElo "2145"]
[BlackElo "2030"]
[PlyCount "83"]
[EventDate "1996.??.??"]
[EventType "swiss"]
[EventRounds "6"]
[EventCountry "CAN"]

1. e4 Nc6 2. Nf3 d6 3. Nc3 Nf6 4. Bb5 Bd7 5. a3 a6 6. Bc4 Bg4 7. h3 Bxf3 8.
gxf3 e6 9. d3 d5 10. Ba2 Bc5 11. Bg5 h6 12. Bh4 g5 13. Bg3 Qe7 14. exd5 exd5+
15. Qe2 Qxe2+ 16. Nxe2 O-O-O 17. O-O-O Rhe8 18. Nc3 Nd4 19. f4 Ne2+ 20. Nxe2
Rxe2 21. fxg5 hxg5 22. h4 g4 23. Rd2 Rxd2 24. Kxd2 Nh5 25. Rf1 f5 26. Be5 Re8
27. d4 c6 28. c3 Rxe5 29. dxe5 Kd7 30. c4 Ke6 31. cxd5+ cxd5 32. b4 Bb6 33. a4
f4 34. a5 Ba7 35. b5 axb5 36. Rb1 f3 37. Rxb5 Nf4 38. Ke1 Kxe5 39. h5 Bd4 40.
h6 Nd3+ 41. Kf1 Kf4 42. Rxd5 1-0

[Event "Vers la Matrise"]
[Site "Montreal CAN"]
[Date "1996.??.??"]
[Round "3"]
[White "Saint-Pierre, Benoit"]
[Black "Gladu, Pierre"]
[Result "1/2-1/2"]
[WhiteElo "2275"]
[BlackElo "2160"]
[PlyCount "90"]
[EventDate "1996.??.??"]
[EventType "swiss"]
[EventRounds "6"]
[EventCountry "CAN"]

1. e4 c5 2. Nf3 d6 3. d4 cxd4 4. Nxd4 Nf6 5. Nc3 a6 6. h3 g6 7. g4 Bg7 8. Bg2
O-O 9. O-O Nc6 10. Nde2 Bd7 11. Ng3 b5 12. Be3 Rb8 13. Qc1 Na5 14. Bh6 Nc4 15.
Bxg7 Kxg7 16. b3 Nb6 17. Qb2 Qc7 18. Nce2 Kg8 19. f4 Qc5+ 20. Kh1 Bc6 21. g5
Nfd7 22. Rf3 b4 23. c3 d5 24. cxb4 Qxb4 25. a3 Qd6 26. e5 Qc7 27. Nd4 Ba8 28.
e6 Nc5 29. Rc1 Qa7 30. f5 fxe6 31. fxe6 Rxf3 32. Bxf3 Nd3 33. Qa1 Rf8 34. Rf1
Qc7 35. Nde2 Qe5 36. Qxe5 Nxe5 37. Bg2 Rxf1+ 38. Nxf1 Bb7 39. Nd4 Nd3 40. Ne3
Nf4 41. Kh2 Bc8 42. Bf1 Nxe6 43. Nxe6 Bxe6 44. Bxa6 d4 45. Nc2 Bxb3 1/2-1/2

[Event "Vers la Matrise"]
[Site "Montreal CAN"]
[Date "1996.??.??"]
[Round "4"]
[White "Bergeron, Marc"]
[Black "Saint-Pierre, Benoit"]
[Result "0-1"]
[WhiteElo "2030"]
[BlackElo "2275"]
[PlyCount "50"]
[EventDate "1996.??.??"]
[EventType "swiss"]
[EventRounds "6"]
[EventCountry "CAN"]

1. e4 c5 2. Nf3 d6 3. d4 cxd4 4. Nxd4 Nf6 5. Nc3 Nc6 6. Bc4 e6 7. Be3 a6 8. Qe2
Qc7 9. Bb3 Na5 10. g4 h5 11. g5 Ng4 12. f4 Nxe3 13. Qxe3 Nc4 14. Bxc4 Qxc4 15.
O-O-O g6 16. f5 Qc5 17. e5 gxf5 18. exd6 Bd7 19. Rhf1 Bg7 20. Rxf5 Bxd4 21.
Rxd4 Qxf5 22. Ne4 Rc8 23. c3 Rc5 24. Nf6+ Kd8 25. h4 Qf1+ 0-1

[Event "Vers la Matrise"]
[Site "Montreal CAN"]
[Date "1996.??.??"]
[Round "4"]
[White "Gladu, Pierre"]
[Black "Prahov, Valentin"]
[Result "1/2-1/2"]
[WhiteElo "2160"]
[BlackElo "2145"]
[PlyCount "68"]
[EventDate "1996.??.??"]
[EventType "swiss"]
[EventRounds "6"]
[EventCountry "CAN"]

1. e4 c5 2. Nf3 e6 3. d4 cxd4 4. Nxd4 Nc6 5. Nb5 d6 6. c4 a6 7. N5c3 Nf6 8. Be2
Be7 9. O-O O-O 10. Be3 Qc7 11. Na3 b6 12. Rc1 Bb7 13. f3 Rac8 14. Qb3 Nd7 15.
Rfd1 Nc5 16. Qc2 Bf6 17. Bf1 Rfd8 18. Qf2 Qb8 19. Nab1 h6 20. Kh1 Ba8 21. Rd2
Ne5 22. Rcd1 Be7 23. Qg3 Kh8 24. b3 Bc6 25. Na3 Be8 26. Bd4 Ng6 27. Qf2 Bg5 28.
Be3 Bh4 29. g3 Bf6 30. Bd4 Be7 31. Be2 Bc6 32. Kg1 Ba8 33. Nab1 Bc6 34. Na3 Ba8
1/2-1/2

[Event "Vers la Matrise"]
[Site "Montreal CAN"]
[Date "1996.??.??"]
[Round "4"]
[White "Grondin, Jean-Philippe"]
[Black "Mahabir, Hugh"]
[Result "0-1"]
[WhiteElo "2050"]
[BlackElo "1835"]
[PlyCount "108"]
[EventDate "1996.??.??"]
[EventType "swiss"]
[EventRounds "6"]
[EventCountry "CAN"]

1. d4 f5 2. e4 fxe4 3. Nc3 Nf6 4. g4 d5 5. g5 Ng8 6. f3 Bf5 7. Bg2 e6 8. fxe4
dxe4 9. Bxe4 Bxe4 10. Nxe4 Nc6 11. Nf3 Qd5 12. Nc3 Bb4 13. Bd2 Bxc3 14. Bxc3
Nge7 15. Qe2 O-O-O 16. b3 Nf5 17. O-O-O Rde8 18. Kb1 Rhf8 19. Rhf1 g6 20. b4 a6
21. a3 Nd6 22. Ne5 Ne4 23. Kb2 Rxf1 24. Qxf1 Nxc3 25. Kxc3 Nxe5 26. dxe5 Qxe5+
27. Kb3 Qxg5 28. Qf2 Qe7 29. a4 e5 30. b5 Kb8 31. bxa6 bxa6 32. Rb1 Ka8 33. Qe2
Qe6+ 34. Ka3 Rb8 35. Qe4+ c6 36. Rxb8+ Kxb8 37. Qb4+ Kc7 38. Qa5+ Kd6 39. Qxa6
e4 40. Kb2 Qe5+ 41. Kc1 Qxh2 42. Qa7 Qf4+ 43. Kd1 Qf3+ 44. Ke1 e3 45. Qd4+ Qd5
46. Qb4+ c5 47. Qb8+ Ke6 48. Qg8+ Ke5 49. Qg7+ Ke4 50. Qe7+ Kf5 51. Qf8+ Kg4
52. Qc8+ Kg3 53. Qc7+ Kg2 54. Qa5 Qf3 0-1

[Event "Vers la Matrise"]
[Site "Montreal CAN"]
[Date "1996.??.??"]
[Round "4"]
[White "Hamel, Jean-Claude"]
[Black "Balogh, Alex"]
[Result "1-0"]
[WhiteElo "1775"]
[BlackElo "1890"]
[PlyCount "38"]
[EventDate "1996.??.??"]
[EventType "swiss"]
[EventRounds "6"]
[EventCountry "CAN"]

1. e4 c5 2. Nf3 Nc6 3. g3 Nf6 4. d3 d5 5. Nbd2 Bg4 6. h3 Bh5 7. Be2 e6 8. c3
Qc7 9. Nh4 Bxe2 10. Qxe2 O-O-O 11. f4 g6 12. Ndf3 Nh5 13. Kf2 h6 14. e5 Be7 15.
d4 g5 16. Ng2 gxf4 17. Nxf4 Ng7 18. g4 h5 19. Be3 Rh7 1-0

[Event "Vers la Matrise"]
[Site "Montreal CAN"]
[Date "1996.??.??"]
[Round "4"]
[White "Leger, Manon"]
[Black "Fillion, Robert"]
[Result "1-0"]
[WhiteElo "1890"]
[BlackElo "1665"]
[PlyCount "119"]
[EventDate "1996.??.??"]
[EventType "swiss"]
[EventRounds "6"]
[EventCountry "CAN"]

1. e4 e5 2. Nf3 d6 3. c3 Nf6 4. d3 Be7 5. g3 O-O 6. Bg2 Nc6 7. Nbd2 Re8 8. O-O
Bf8 9. Re1 Nb8 10. Nc4 Nbd7 11. Ne3 g6 12. Rb1 a5 13. b3 Bg7 14. Qc2 b5 15. a4
bxa4 16. bxa4 Ba6 17. Ba3 Nb6 18. Bh3 d5 19. exd5 Nfxd5 20. c4 e4 21. Nxd5 Nxd5
22. dxe4 Nc3 23. Rbc1 Qf6 24. Nd2 Qc6 25. Bb2 Nxa4 26. Bxg7 Kxg7 27. c5 Rab8
28. Nb3 Qf6 29. Bd7 Bb5 30. Bxe8 Bxe8 31. c6 Bxc6 32. Qxc6 Qxc6 33. Rxc6 Rxb3
34. Rxc7 Nb6 35. Ra7 a4 36. Ra1 Kf6 37. f4 Ke6 38. Ra6 Kd7 39. Kg2 h5 40. Ra2
Ke7 41. Kf2 Kd7 42. e5 Kc7 43. Ke2 Kb7 44. Ra5 h4 45. g4 Rb4 46. Kf3 Rb3+ 47.
Kg2 Rb4 48. Kh3 Rxf4 49. Kxh4 Rf3 50. Kg5 Rb3 51. h4 Rb4 52. h5 gxh5 53. gxh5
Rb1 54. R5xa4 Nxa4 55. Rxa4 Re1 56. Rh4 Rxe5+ 57. Kf6 Re1 58. h6 Rf1+ 59. Kg7
f5 60. h7 1-0

[Event "Vers la Matrise"]
[Site "Montreal CAN"]
[Date "1996.??.??"]
[Round "4"]
[White "Rouleau, Paul"]
[Black "Berson, Jordan"]
[Result "1-0"]
[WhiteElo "1870"]
[BlackElo "1930"]
[PlyCount "79"]
[EventDate "1996.??.??"]
[EventType "swiss"]
[EventRounds "6"]
[EventCountry "CAN"]

1. e4 c6 2. d4 d5 3. exd5 cxd5 4. c4 Nf6 5. Nc3 Nc6 6. c5 e5 7. dxe5 Nxe5 8.
Bg5 Bxc5 9. Bb5+ Kf8 10. Qe2 Neg4 11. Nh3 h6 12. Bh4 Bd7 13. O-O Bxb5 14. Qxb5
Qb6 15. Qd3 Qc6 16. Rac1 g5 17. Bg3 h5 18. Nxg5 h4 19. Bf4 Nxf2 20. Rxf2 Ng4
21. Nd1 Re8 22. Ne3 Nxf2 23. Kxf2 Qb6 24. Kf3 Bxe3 25. Bxe3 Qf6+ 26. Bf4 h3 27.
Nh7+ Rxh7 28. Qxh7 hxg2 29. Qh6+ Qxh6 30. Bxh6+ Kg8 31. Rg1 Kh7 32. Be3 Re4 33.
Rxg2 Rb4 34. Bc5 Rc4 35. Bd6 Rc6 36. Be5 f6 37. Bc3 Rd6 38. Ke3 Kh6 39. Rf2 Kg6
40. Rxf6+ 1-0

[Event "Vers la Matrise"]
[Site "Montreal CAN"]
[Date "1996.??.??"]
[Round "5"]
[White "Balogh, Alex"]
[Black "Bergeron, Marc"]
[Result "1-0"]
[WhiteElo "1890"]
[BlackElo "2030"]
[PlyCount "43"]
[EventDate "1996.??.??"]
[EventType "swiss"]
[EventRounds "6"]
[EventCountry "CAN"]

1. d4 Nf6 2. c4 g6 3. Nc3 Bg7 4. e4 d6 5. f3 O-O 6. Be3 e5 7. d5 c6 8. Bd3 b5
9. Qd2 b4 10. Nce2 c5 11. g4 h5 12. h3 Nh7 13. O-O-O h4 14. f4 exf4 15. Nxf4 g5
16. Nh5 Be5 17. Nf3 f6 18. Nxe5 fxe5 19. Rdf1 Na6 20. Rxf8+ Kxf8 21. Rf1+ Kg8
22. Nf6+ 1-0

[Event "Vers la Matrise"]
[Site "Montreal CAN"]
[Date "1996.??.??"]
[Round "5"]
[White "Mahabir, Hugh"]
[Black "Gladu, Pierre"]
[Result "1/2-1/2"]
[WhiteElo "1835"]
[BlackElo "2160"]
[PlyCount "88"]
[EventDate "1996.??.??"]
[EventType "swiss"]
[EventRounds "6"]
[EventCountry "CAN"]

1. d4 Nf6 2. Nf3 g6 3. Bg5 Bg7 4. e3 O-O 5. Bd3 d6 6. Nbd2 Nbd7 7. O-O Qe8 8.
c3 h6 9. Bh4 e5 10. Qc2 b6 11. Rfe1 Bb7 12. e4 g5 13. Bg3 Nh5 14. d5 Nf4 15.
Bf1 Qe7 16. Nc4 Qf6 17. Ne3 Qg6 18. Nf5 Bf6 19. c4 a5 20. a3 a4 21. Rad1 Rfe8
22. Nd2 Nc5 23. Nb1 Bc8 24. Nc3 Bd7 25. Nb5 Bd8 26. Nc3 f6 27. f3 Kf7 28. Bf2
Nh5 29. Be3 Ng7 30. g4 h5 31. h3 Rh8 32. Rd2 hxg4 33. hxg4 Nxf5 34. exf5 Qh7
35. Rh2 Qxh2+ 36. Qxh2 Rxh2 37. Kxh2 Be7 38. Kg2 c6 39. Rd1 cxd5 40. cxd5 Ra5
41. Be2 Bd8 42. Rh1 Kg7 43. Rd1 Be7 44. Kf2 Bd8 1/2-1/2

[Event "Vers la Matrise"]
[Site "Montreal CAN"]
[Date "1996.??.??"]
[Round "5"]
[White "Moisan-Plante, Marc-Olivier"]
[Black "Leger, Manon"]
[Result "1-0"]
[WhiteElo "2160"]
[BlackElo "1890"]
[PlyCount "105"]
[EventDate "1996.??.??"]
[EventType "swiss"]
[EventRounds "6"]
[EventCountry "CAN"]

1. d4 d5 2. Nf3 c5 3. e3 e6 4. b3 Nf6 5. Bd3 cxd4 6. exd4 Bb4+ 7. c3 Bd6 8.
Nbd2 O-O 9. O-O b6 10. Qe2 Qc7 11. Bb2 Nc6 12. Rfe1 Bb7 13. Ne5 Rad8 14. f4 Bc8
15. Ndf3 h6 16. Rac1 Qb7 17. c4 Nb4 18. Bb1 dxc4 19. bxc4 a6 20. a3 Nc6 21. Qd3
Ne7 22. Ng4 Ng6 23. Nxf6+ gxf6 24. g3 f5 25. Qc3 Kh7 26. Rf1 Rg8 27. Ne5 Nxe5
28. fxe5 Be7 29. Rcd1 Rg4 30. Qf3 Qxf3 31. Rxf3 Bc5 32. Rf4 Rxf4 33. gxf4 b5
34. cxb5 axb5 35. Kf2 Bb7 36. Bd3 Bb6 37. Bxb5 Be4 38. Ke3 Rg8 39. Bc3 Rc8 40.
Bb4 Rc2 41. Rd2 Rc1 42. Rb2 Kg7 43. a4 Ra1 44. Be8 Bd5 45. Bc5 Ba5 46. Bd7 f6
47. Bb4 Bc7 48. Rc2 Bb6 49. Bc6 Bb3 50. Rg2+ Kf7 51. Bf3 fxe5 52. Bh5+ Kf6 53.
fxe5# 1-0

[Event "Vers la Matrise"]
[Site "Montreal CAN"]
[Date "1996.??.??"]
[Round "5"]
[White "Prahov, Valentin"]
[Black "Tremblay, Alain"]
[Result "1-0"]
[WhiteElo "2145"]
[BlackElo "1940"]
[PlyCount "77"]
[EventDate "1996.??.??"]
[EventType "swiss"]
[EventRounds "6"]
[EventCountry "CAN"]

1. e4 e6 2. d4 d5 3. Nd2 Nf6 4. e5 Nfd7 5. c3 c5 6. f4 cxd4 7. cxd4 Nc6 8. Ndf3
Bb4+ 9. Kf2 O-O 10. g3 f6 11. Kg2 g5 12. Bd3 gxf4 13. Bxf4 Rf7 14. h4 Qf8 15.
Nh3 Ba5 16. Qe2 Bb6 17. Rad1 Nxd4 18. Nxd4 Bxd4 19. Bxh7+ Rxh7 20. Rxd4 f5 21.
Ng5 Re7 22. h5 Nb6 23. h6 Bd7 24. Nf3 Rc8 25. Bg5 Rf7 26. Bf6 Rxf6 27. exf6
Qxf6 28. h7+ Kh8 29. Ne5 a6 30. Rh6 Qxh6 31. Nf7+ Kxh7 32. Nxh6 Kxh6 33. Rh4+
Kg6 34. Qh5+ Kf6 35. Qh6+ Ke7 36. Qf4 Nc4 37. Rh7+ Kd8 38. b3 Nb6 39. Qd6 1-0

[Event "Vers la Matrise"]
[Site "Montreal CAN"]
[Date "1996.??.??"]
[Round "6"]
[White "Hamel, Jean-Claude"]
[Black "Deschamps, Felix"]
[Result "0-1"]
[WhiteElo "1775"]
[BlackElo "1890"]
[PlyCount "46"]
[EventDate "1996.??.??"]
[EventType "swiss"]
[EventRounds "6"]
[EventCountry "CAN"]

1. e4 e5 2. Nf3 Nc6 3. Bb5 Bc5 4. c3 f5 5. d4 fxe4 6. Nxe5 Nxe5 7. dxc5 Qe7 8.
Be3 Nf6 9. Nd2 O-O 10. Qb3+ Kh8 11. h3 d5 12. O-O-O c6 13. Be2 Be6 14. Qc2 Nfd7
15. Nb3 Bf5 16. g4 Bg6 17. h4 Nd3+ 18. Bxd3 exd3 19. Qd2 Ne5 20. f4 Nc4 21. Qf2
Qxe3+ 22. Qxe3 Nxe3 23. Rde1 Nxg4 0-1

[Event "Vers la Matrise"]
[Site "Montreal CAN"]
[Date "1996.??.??"]
[Round "6"]
[White "Leger, Manon"]
[Black "Rouleau, Paul"]
[Result "1-0"]
[WhiteElo "1890"]
[BlackElo "1870"]
[PlyCount "245"]
[EventDate "1996.??.??"]
[EventType "swiss"]
[EventRounds "6"]
[EventCountry "CAN"]

1. e4 e5 2. Nf3 Nc6 3. Bb5 a6 4. Bxc6 dxc6 5. O-O f6 6. d4 exd4 7. Nxd4 c5 8.
Nb3 Qxd1 9. Rxd1 Bg4 10. f3 Be6 11. Nc3 Bd6 12. Be3 b6 13. a4 Kf7 14. a5 c4 15.
Nd4 b5 16. Nd5 Bxd5 17. exd5 Ne7 18. Ne2 Rad8 19. Rd2 Rhe8 20. Kf2 Nf5 21. Ba7
Ra8 22. Bd4 Nxd4 23. Nxd4 Bc5 24. Kf1 Bxd4 25. Rxd4 Rad8 26. Rad1 Rd6 27. b3
cxb3 28. cxb3 Re7 29. Rc1 Ke8 30. Re4 Rxe4 31. fxe4 Kd7 32. Ke2 c6 33. Rd1 f5
34. dxc6+ Kxc6 35. Rxd6+ Kxd6 36. exf5 h5 37. b4 Ke5 38. Ke3 h4 39. g4 hxg3 40.
hxg3 Kxf5 41. Kd4 Kg4 42. Kc5 Kxg3 43. Kb6 g5 44. Kxa6 g4 45. Kxb5 Kf4 46. a6
g3 47. a7 g2 48. a8=Q g1=Q 49. Qf8+ Ke4 50. Qe7+ Kf4 51. Qf6+ Ke4 52. Qe6+ Kf4
53. Qc4+ Kf3 54. Qc5 Qg8 55. Qc6+ Kg3 56. Qd6+ Kh3 57. Kb6 Qg1+ 58. Kb7 Qg7+
59. Qc7 Qg2+ 60. Kb8 Qd5 61. Qc5 Qe4 62. b5 Kh4 63. b6 Qe8+ 64. Qc8 Qe5+ 65.
Qc7 Qe8+ 66. Kb7 Qe4+ 67. Kc8 Qe6+ 68. Kd8 Qg8+ 69. Ke7 Qg7+ 70. Ke6 Qg4+ 71.
Kd6 Qd4+ 72. Kc6 Qc4+ 73. Kb7 Qe4+ 74. Kb8 Qe8+ 75. Qc8 Qe5+ 76. Ka7 Qa1+ 77.
Qa6 Qg7+ 78. b7 Qd4+ 79. Ka8 Qd5 80. Qb6 Qa2+ 81. Kb8 Qg8+ 82. Kc7 Qf7+ 83. Kc8
Qc4+ 84. Qc7 Qg4+ 85. Qd7 Qc4+ 86. Kd8 Qg8+ 87. Kc7 Qc4+ 88. Qc6 Qf7+ 89. Kb6
Qb3+ 90. Qb5 Qe3+ 91. Ka5 Qa7+ 92. Kb4 Qb8 93. Qc4+ Kg3 94. Qc8 Qd6+ 95. Qc5
Qb8 96. Qc6 Kh2 97. Kb5 Qe5+ 98. Kb6 Qd4+ 99. Kc7 Qg7+ 100. Kb8 Qf8+ 101. Ka7
Qa3+ 102. Qa6 Qc5+ 103. Ka8 Qd5 104. Ka7 Qd4+ 105. Qb6 Qa4+ 106. Kb8 Qe8+ 107.
Kc7 Qe7+ 108. Kc8 Qe8+ 109. Qd8 Qe6+ 110. Qd7 Qa6 111. Kd8 Qf6+ 112. Kc7 Qc3+
113. Qc6 Qa5+ 114. Kd7 Qf5+ 115. Qe6 Qb5+ 116. Qc6 Qf5+ 117. Kc7 Qf7+ 118. Kb8
Qf8+ 119. Ka7 Qa3+ 120. Kb6 Qb4+ 121. Qb5 Qd6+ 122. Qc6 Qb4+ 123. Kc7 1-0

[Event "Vers la Matrise"]
[Site "Montreal CAN"]
[Date "1996.??.??"]
[Round "6"]
[White "Saint-Pierre, Benoit"]
[Black "Mahabir, Hugh"]
[Result "1-0"]
[WhiteElo "2275"]
[BlackElo "1835"]
[PlyCount "67"]
[EventDate "1996.??.??"]
[EventType "swiss"]
[EventRounds "6"]
[EventCountry "CAN"]

1. e4 e6 2. d4 d5 3. e5 c5 4. c3 Nc6 5. Nf3 Qb6 6. Be2 cxd4 7. cxd4 Nge7 8. b3
Nf5 9. Bb2 Bb4+ 10. Kf1 Be7 11. h4 Bd7 12. g3 O-O-O 13. Nc3 Kb8 14. Na4 Qa5 15.
a3 f6 16. b4 Qc7 17. Rc1 a6 18. Kg2 Rdf8 19. Qd2 Qd8 20. Nc5 fxe5 21. Nxd7+
Qxd7 22. b5 axb5 23. Bxb5 Bd6 24. dxe5 Be7 25. Bxc6 bxc6 26. Bd4 Nxd4 27. Nxd4
c5 28. Qa5 cxd4 29. Rb1+ Qb7 30. Rxb7+ Kxb7 31. Rb1+ Kc8 32. Qa6+ Kd7 33. Rb7+
Ke8 34. Qxe6 1-0